| 000 | 00410nam a22001697a 4500 | ||
|---|---|---|---|
| 005 | 20160615153213.0 | ||
| 008 | 160615b xxu||||| |||| 00| 0 eng d | ||
| 020 | _a81-318-01291-1 | ||
| 041 | _aeng | ||
| 082 | _b7848 | ||
| 100 |
_aRajrut, R.K. _92020 |
||
| 245 | _aTharmal Science and Engineering | ||
| 260 |
_bLaxmi Publication _c2011 |
||
| 300 | _a524 | ||
| 650 |
_aDIPLOMA ENGINEERING _9817 |
||
| 942 | _cBK | ||
| 999 |
_c2820 _d2819 |
||